000
00245 a2200097 4500
001
42367
100
_a
Dutch R A
245
_a
Rogets Thesaurus of English words & Phrase
260
_a
_b
Spottiswoode Ballantyne & Co.
_c
090
_c
26302
_d
26302
942
_a
NUST-CAE
_c
M
_c
18117
999
_c
277440
_d
277440